000 03651pam a22004571i 4500
001 991007407829707026
003 UkOxU
005 20250915133947.0
006 m || d |
007 cr |||||||||||
008 170206s2017 enka ob 001|0|eng|d
015 _aGBB724097
_2bnb
020 _a9781317536277 (ePub ebook) :
_cĐ36.99
020 _z9781138848023 (hbk.) :
_cĐ100.00
020 _z9781138848016 (pbk.) :
_cĐ36.99
020 _a9781317536284 (PDF ebook) :
_cĐ36.99
020 _a9781317536260 (Mobipocket ebook) :
_cĐ36.99
020 _a9781315726205 (ebook) :
_cNo price
035 _a020919143-44oxf_inst
035 _a(UkOxU)020919143
035 _a(Uk)018230260
037 _a9781317536277
_bIngram Content Group
040 _aStDuBDS
_beng
_erda
_epn
_cStDuBDS
_dUk
042 _aukblsr
100 _aKelly, David
_d1950-
_eauthor.
245 1 0 _aBusiness law
_c/ David Kelly, Ruby Hammer and John Hendy.
250 _aThird edition.
264 1 _aLondon :
_bRoutledge,
_c2017.
300 _a1 online resource :
_billustrations (colour).
500 _aPrevious edition: 2014.
500 _aAcademic
504 _aIncludes bibliographical references and index.
505 _aPart One — Law, Legal Sources and Dispute Resolution — The Criminal and Civil Courts — Alternative Dispute Resolution Part Two — Business Transactions — Contract (2): Contents of a Contract — Contract (3): Vitiating Factors — Contract (4): Discharge of a Contract — Consumer Protection and Sale of Goods and Services Part Three — Business Liability — Vicarious and Employers’ Liability — Liability for Land and Environmental Damage Part Four — Business Organisation — Partnership Law — Company Law (1): The Nature and Formation of Companies — Company Law (2): The Management and Operation of Companies Part Five — Employment Law and Health and Safety — Individual Employment Rights (2): Equal Pay and Discrimination — Individual Employment Rights (3): Termination — Health and Safety Law — Intellectual Property Rights.
520 _aBusiness Law offers comprehensive coverage of the key aspects of business law in a straightforward manner that is easy to understand for non-law students. It describes and considers the full range of legal topics such as Contract, Company and Employment Law, as well as including coverage of emerging areas such as Health and Safety and Environmental Law as they apply to business. Including all the recent major developments in the law such as the Companies Act 2006 the Lisbon Treaty, new regulations on Consumer Protection and the impact of environmental and climate change regulation on businesses, Business Law is one of the most up-to-date textbooks available today. Key learning features include: diagrams and tables to illustrate key principles and interrelationships between topics; key cases boxes which highlight landmark cases for ease of reference; revision summaries at the end of each chapter to help clarify the key points to focus on for each topic; an attractive two-colour text design which aids easy understanding and quick referencing. Primarily designed for undergraduates on business courses, Business Law will also be suitable for all those who need to study the law relating to business as part of their main course.
650 0 _aCommercial law
_zEngland.
700 _aHammer, Ruby
_c(Law teacher)
_eauthor.
700 _aHendy, John,
_d1980-
_eauthor.
856 _uhttps://bibliotheque.tbs-education.fr/Default/doc/SYRACUSE/3393532/business-law-david-kelly
942 _2lcc
999 _c4945
_d4945